000 00263nam a22001097a 4500
008 170112b xxu||||| |||| 00| 0 eng d
020 _a9780781765848
041 _aeng
080 _27TH
_a618.2
245 _aCOMMUNITY HEALTH NURSING
_cALLENDER, J.A
942 _2udc
_cBK
999 _c2760
_d2760